000 00690nam a2200241Ia 4500
001 20727
003 DO-CoUTE
005 20260204212600.0
008 220104s9999 dr 000 0 spa d
020 _a978-958-95196-1-5
040 _aDO-CoUTE
_bspa
_cDO-CoUTE
041 0 _aspa
082 _a635.652 R586f
100 1 _aRios Betancour, Manuel José
245 1 0 _aEl fríjol: su cultivo, beneficio y variedades / Manuel José Ríos Betancour
260 _aBogotá, Colombia : Fenalce
300 _a193 páginas
650 4 _aAgricultura
650 4 _aFrijoles-Hornicultura
942 _2ddc
_cBK
999 _c20821
_d20821